Dictionnaire de chimie pure et appliquée (Record no. 168032)
[ view plain ]
| 000 -LEADER | |
|---|---|
| campo de control de longitud fija | 01127nam a2200217 i 4500 |
| 001 - NÚMERO DE CONTROL | |
| campo de control | 168032 |
| 003 - IDENTIFICADOR DE NÚMERO DE CONTROL | |
| campo de control | ES-MaACL |
| 005 - FECHA Y HORA DE LA ÚLTIMA TRANSACCIÓN | |
| campo de control | 20260201063019.0 |
| 008 - DATOS DE LONGITUD FIJA--INFORMACIÓN GENERAL | |
| campo de control de longitud fija | 021220m18691878fr |||| | fre d |
| 040 ## - FUENTE DE CATALOGACIÓN | |
| Centro catalogador/agencia de origen | CCPB | B |
| Lengua de catalogación | spa |
| Centro/agencia transcriptor | CCPB | B |
| 100 1# - ENTRADA PRINCIPAL--NOMBRE DE PERSONA | |
| Nombre de persona | Wurtz, Adolphe, |
| Fechas asociadas al nombre | 1817-1884 |
| 9 (RLIN) | 159349 |
| 245 10 - MENCIÓN DEL TÍTULO | |
| Título | Dictionnaire de chimie pure et appliquée |
| Resto del título | : comprenant la chimie organique et inorganique... / |
| Mención de responsabilidad, etc. | par Ad. Wurtz ; avec la collaboration de J. Bouis... [et al.]. |
| 260 ## - PUBLICACIÓN, DISTRIBUCIÓN, ETC. | |
| Lugar de publicación, distribución, etc. | Paris : |
| Nombre del editor, distribuidor, etc. | librairie Hachette et C\pie\s, |
| Fecha de publicación, distribución, etc. | 1869-1878 ( |
| Fabricante | Quantin imprimeur) |
| 300 ## - DESCRIPCIÓN FÍSICA | |
| Extensión | 3 v. ; |
| Dimensiones | 25 cm. |
| 500 ## - NOTA GENERAL | |
| Nota general | T. I. Première partie 1869 -- T. I. Seconde partie 1870 -- T. II. Première partie 1873 -- T. II. Seconde partie 1876 -- T. III. 1878. |
| 505 8# - NOTA DE CONTENIDO CON FORMATO | |
| Nota de contenido con formato | Contiene: T.I.: première partie: A-B, XCIV, 687 p. --T.I.: deuxième partie: C-G, 688-1659 p. -- T.II.: première partie: H-P, 920 p. -- T.II.: deuxième partie: P-S, 921-1696 p. --T.III.: S-Z, 794 p. |
| 650 04 - PUNTO DE ACCESO ADICIONAL DE MATERIA--TÉRMINO DE MATERIA | |
| Término de materia o nombre geográfico como elemento de entrada | Química- |
| Subdivisión de forma | Diccionarios. |
| 9 (RLIN) | 16626 |
| 700 1# - ENTRADA AGREGADA--NOMBRE PERSONAL | |
| Nombre de persona | Bouis, J. |
| 9 (RLIN) | 126111 |
| 852 ## - LOCALIZACIÓN | |
| Ubicación | ES-MaACL |
| Número de control de estantería | B-5242-46 |
| Nota libre | -- Enc. pasta española |
| Estatus retirado | Estado de pérdida | Estado de daño | No para préstamo | Colección | Biblioteca de origen | Biblioteca actual | Ubicación en estantería | Fecha de adquisición | Total de préstamos | Signatura topográfica completa | Código de barras | Visto por última vez | Precio de reemplazo | Tipo de ítem Koha |
|---|---|---|---|---|---|---|---|---|---|---|---|---|---|---|
| Libros del s. XIX | Biblioteca del Ateneo de Madrid | Biblioteca del Ateneo de Madrid | Sala Pardo Bazán | 17/01/2008 | B-5242-46 | 1176285 | 23/02/2023 | 23/02/2023 | Libro impreso antiguo |
